Marakatamulu. (Record no. 65244)

MARC details
000 -LEADER
fixed length control field 00577cam a22002411 4500
001 - CONTROL NUMBER
control field sa 65007614
003 - CONTROL NUMBER IDENTIFIER
control field DLC
005 - DATE AND TIME OF LATEST TRANSACTION
control field 20260227112149.0
008 - FIXED-LENGTH DATA ELEMENTS--GENERAL INFORMATION
fixed length control field 940922s1962 ii 000 1 telo
010 ## - LIBRARY OF CONGRESS CONTROL NUMBER
LC control number sa 65007614
025 ## - OVERSEAS ACQUISITION NUMBER
Overseas acquisition number PL480:I-Te-775
035 ## - SYSTEM CONTROL NUMBER
System control number (OCoLC)31160517
040 ## - CATALOGING SOURCE
Original cataloging agency DLC
Transcribing agency CU
Modifying agency CU
-- DLC
042 ## - AUTHENTICATION CODE
Authentication code premarc
050 00 - LIBRARY OF CONGRESS CALL NUMBER
Classification number PL4780.8
Item number .U3
100 0# - MAIN ENTRY--PERSONAL NAME
Personal name Udayaśaṅkar.
245 10 - TITLE STATEMENT
Title Marakatamulu.
260 ## - PUBLICATION, DISTRIBUTION, ETC.
Date of publication, distribution, etc. [1962]
300 ## - PHYSICAL DESCRIPTION
Extent 40, 40, 36 p.
Dimensions 18 cm.
500 ## - GENERAL NOTE
General note In Telugu.
500 ## - GENERAL NOTE
General note Short stories.
650 #0 - SUBJECT ADDED ENTRY--TOPICAL TERM
Topical term or geographic name entry element Short stories, Telugu.

No items available.

Powered by Koha